Most expensive football transfers - Born in 2001 - Statistics

General Stats
  • This quiz has been taken 21 times
  • The average score is 9 of 11
Answer Stats
Fee (M €) Season Nationality Left Joined Player % Correct
121,00 2022-2023 Argentina Benfica Chelsea Enzo Fernández
100%
44,25 2022-2023 Argentina River Plate Benfica Enzo Fernández
100%
116,00 2023-2024 Ecuador Brighton Chelsea Moisés Caicedo
95%
70,00 2022-2023 Ukraine Shakhtar D. Chelsea Mykhaylo Mudryk
90%
45,00 2019-2020 Brazil Santos Real Madrid Rodrygo
85%
45,60 2022-2023 England Everton Newcastle Anthony Gordon
75%
55,00 2023-2024 Wales Nottingham Forest Tottenham Brennan Johnson
75%
40,00 2023-2024 Netherlands VfL Wolfsburg Tottenham Micky van de Ven
75%
40,00 2023-2024 Netherlands Ajax Arsenal Jurrien Timber
70%
60,00 2023-2024 Uruguay Sporting CP Paris SG Manuel Ugarte
65%
65,00 2023-2024 Portugal Benfica Paris SG Gonçalo Ramos
55%
No matching quizzes found
Score Distribution
Percent of People with Each Score
Percentile by Number Answered
Your Score History
You have not taken this quiz